000
00420nam a2200169Ia 4500
008
220531s9999 xx 000 0 und d
041
_a
mar
100
_a
आमटे प्रकाश
_9
54874
245
_a
प्रकाशवाटा
250
_a
1ST
260
_b
Samkalin
_c
1987
300
_a
155
542
_d
18-03-2009
650
_a
General
_9
54875
906
_d
2008-2009
999
_c
31736
_d
31736